000
00287nam a22001217a 4500
008
170612b xxu||||| |||| 00| 0 eng d
041
_a
eng
080
_a
32
100
_a
19
101
_a
SHP
245
_a
A NEW U.S POLICY TOWARD INDIA AND PAKISTAN
_c
HAAS.R.N
942
_2
udc
_c
BK
999
_c
16819
_d
16819